000 00427nam a2200169 i 4500
001 29834
003 ES-MaACL
005 20231224062914.0
007 t|
008 030123s1931 sp ||||1| spa d
100 1 _aBaroja, Pío,
_d1872-1956
_925752
245 1 0 _aIntermedios /
_cPío Baroja.
260 _aMadrid :
_bEspasa Calpe,
_c1931.
300 _a348 p. ;
_c19 cm.
852 _aES-MaACL
_jA-526
999 _c29834
_d29834